Guess The Brand! #37 - Statistics

General Stats
  • This quiz has been taken 47 times
  • The average score is 12 of 32
Answer Stats
Picture Answer % Correct
The Walking Dead
90%
Frozen
79%
Kim Possible
77%
Cat In The Hat
69%
Claire's
67%
Twilight
62%
Desigual
56%
Orange Is The New Black
54%
Corn Flakes
51%
Murphy's
51%
Skechers
51%
Ariel
41%
Ariel
41%
V For Vendetta
41%
MAD
33%
World Health Organization
33%
Twilight Zone
31%
Charlotte Russe
26%
Burts Bees
23%
Egyptair
21%
HTML 5
21%
Muller
21%
Sinclair
21%
Ok Cupid
18%
Blues Clues
15%
Go Animate
15%
Marfrig
13%
Bitdefender
10%
Ceasars Palace
10%
CSS3
10%
Taylormade
10%
Yingli
10%
No matching quizzes found
Score Distribution
Percent of People with Each Score
Percentile by Number Answered
Your Score History
You have not taken this quiz